000 00787nam a22003250a 4500
001 PT39280
003 AR-LpoUNG
005 20210131230614.0
008 191001s1967||||ag |||||||||||||||||spa d
040 _aAR-LpoUNG
_bspa
_cAR-LpoUNG
_eaacr
041 _aspa
044 _aag
082 0 _a982.065 737pat
100 1 _aBorrero, José María
245 1 3 _aLa patagonia trágica
250 _a1§ ed.
260 _aBuenos Aires :
_bAmericana,
_c1967.
300 _a241 p. :
_bfot.
650 4 _aANALISIS HISTORICO
650 4 _aARGENTINA
650 4 _aCORRUPCION
650 4 _aESCLAVITUD
650 4 _aHISTORIA POLITICA
650 4 _aHISTORIA SOCIAL
650 4 _aHUELGAS
650 4 _aPOBLACION INDIGENA
651 4 _aArgentina
905 _a39280
942 _cLIB
999 _c4927
_d4927